000 00653nam a2200217Ia 4500
003 IN-BaIIA
008 211028s9999 xx 000 0 eng d
020 _a90-277-2357-5
040 _cIIA Library
080 _a082.2:52
_bIAU-S117
100 _aKormendy, J
_915125
245 0 _aDark matter in the universe
_cJ Kormendy
260 _aDordrecht
_bD. Reidel Publishing
_c1987
300 _axxix, 596p.
650 _aAstronomy and Astrophysics Thesaurus
650 _aDark Matter
_914945
650 _aGalaxies
_91286
650 _aInterstellar Matter
_91189
650 _aUniverse
_91987
942 _cBK
999 _c8998
_d8998